Library of the University of Algiers 3
Ibrahim Sultan Cheibout
شعار جامعة الجزائر 3
مكتبة جامعة الجزائر 3
إبراهيم سلطان شيبوط

علم النفس الفسيولوجي (رقم التسجيلة. 11263)

تفاصيل مارك
000 -LEADER
fixed length control field 00584nam a2200193Ia 4500
003 - CONTROL NUMBER IDENTIFIER
control field IEPS
005 - DATE AND TIME OF LATEST TRANSACTION
control field 20250703135242.0
008 - FIXED-LENGTH DATA ELEMENTS--GENERAL INFORMATION
fixed length control field 250223s9999||||xx |||||||||||||| ||und||
040 ## - CATALOGING SOURCE
-- IEPS
041 ## - LANGUAGE CODE
Language code of text/sound track or separate title ara
082 ## - DEWEY DECIMAL CLASSIFICATION NUMBER
Classification number 152
100 ## - MAIN ENTRY--PERSONAL NAME
Personal name جبرين عمر محمد
245 #0 - TITLE STATEMENT
Title علم النفس الفسيولوجي
245 #0 - TITLE STATEMENT
Remainder of title دراسة في الأسس العضوية و العصبية
260 ## - PUBLICATION, DISTRIBUTION, ETC.
Place of publication, distribution, etc. الأردن
Name of publisher, distributor, etc. الجامعة الأردنية
Date of publication, distribution, etc. [د.ت.]
300 ## - PHYSICAL DESCRIPTION
Extent 158 ص.
Other physical details غلاف ملون ومصور
Dimensions 22 سم.
653 ## - INDEX TERM--UNCONTROLLED
Uncontrolled term علم النفس
942 ## - ADDED ENTRY ELEMENTS (KOHA)
Koha item type كتب
المقتنيات
Withdrawn status Lost status Source of classification or shelving scheme Damaged status Not for loan Home library Current library Date acquired Inventory number Total checkouts Full call number Barcode Date last seen Copy number Price effective from Koha item type
    Dewey Decimal Classification   NOT LOAN / إعارة داخلية مكتبة معهد التربية البدنية و الرياضية مكتبة معهد التربية البدنية و الرياضية 23/02/2025 invar465   152 ج ع ع / 1 invar465 23/02/2025 ل ع 224 / 1 23/02/2025 كتب
    Dewey Decimal Classification   Available مكتبة معهد التربية البدنية و الرياضية مكتبة معهد التربية البدنية و الرياضية 23/02/2025 invar466   152 ج ع ع / 2 invar466 23/02/2025 ل ع 224 / 2 23/02/2025 كتب

موارد الويب المفتوحة


© University of Algiers 3 All Rights Reserved
|
Implemented by LECHELAH Riad